Online Catalogue and eLibrary

The Prince and the Sannyasi : (Record no. 629)

MARC details
000 -LEADER
fixed length control field 00536nam a2200157Ia 4500
005 - DATE AND TIME OF LATEST TRANSACTION
control field 20240927041757.0
008 - FIXED-LENGTH DATA ELEMENTS--GENERAL INFORMATION
fixed length control field 240331s9999 xx 000 0 und d
020 ## - INTERNATIONAL STANDARD BOOK NUMBER
ISBN 9789350092613
082 ## - DDC Classification
Class No. 808
Item Number - Author Mark CHA
100 ## - MAIN ENTRY--PERSONAL NAME
Personal name Chatterjee,P
245 #4 - TITLE STATEMENT
Title The Prince and the Sannyasi :
Remainder of title The Kumar of Bhawal and the Secret History of Indian Nationalism
260 ## - PUBLICATION, DISTRIBUTION, ETC.
Place of publication, distribution, etc. India
Name of publisher, distributor, etc. Hachette India
Date of publication, distribution, etc. 2002
300 ## - PHYSICAL DESCRIPTION
Extent (e.g. Volumes, Pages etc.) xix, 650 p .,
500 ## - GENERAL NOTE
General note This Extraordinary book represents an immensely valuable addition to the literature on south Asia.
942 ## - Koha item type (Biblio)
Koha item type Books in Stacks (Lending)
Holdings
Lost status Damaged status Collection code Home library Current library Shelving location Date acquired Full call number Accession Number Item type
    Lending WERC Library WERC Library Social Science Cupboard 03/31/2024 808 CHA 6654 Books in Stacks (Lending)

© WERC Library